Statystyki dla Top 10 najbardziej protestanckich państw Europy

Kliknij tutaj aby rozwiązać quiz!

Ogólne statystyki

  • Ten quiz został rozwiązany 198 razy
  • Średni wynik to 8 z 10

Statystyki odpowiedzi

%Państwo% Poprawnych
27Niemcy
98%
64Szwecja
89%
82Norwegia
88%
50Wielka Brytania
87%
72Finlandia
85%
19Holandia
82%
76Dania
79%
25Szwajcaria
74%
76Islandia
73%
20Łotwa
51%

Rozkład punktacji

Percentyl według liczby udzielonych odpowiedzi

Procent ludzi z każdym wynikiem

Twoja historia wyników

Nie rozwiązałeś tego quizu